000 00300cam a2200121ua 4500
082 _a636.089
_bUDA/PR
100 _aUdall, D. H .
_91720
245 _aPractice of Veterinary Medicine /
250 _a6 /
260 _aCalcutta :
_bOxford University Press ,
_c1964.
300 _a811 ; .
942 _cBK
999 _c1508
_d1508